Geography Quiz

Random Geography or City Quiz

US City Match Up 2 Quiz Stats

 Plays Quiz not verified by Sporcle

Challenge
Share
Tweet
Score 0/50 Timer 10:00
0 Plays Today
% Correct
Hawaii
95.3%
Tennessee
95.3%
Texas
95.3%
Colorado
94.1%
Connecticut
94.1%
Louisiana
94.1%
New Mexico
94.1%
Pennsylvania
94.1%
Utah
94.1%
Rhode Island
92.9%
Arkansas
91.8%
Idaho
91.8%
Ohio
91.8%
Oklahoma
91.8%
Maryland
91.8%
Alabama
90.6%
Indiana
90.6%
Kansas
90.6%
Massachusetts
90.6%
Missouri
90.6%
Nebraska
90.6%
Nevada
90.6%
Virginia
89.4%
Wisconsin
89.4%
Florida
88.2%
% Correct
New York
88.2%
Kentucky
87.1%
Montana
87.1%
Oregon
87.1%
South Dakota
87.1%
Washington
87.1%
Michigan
85.9%
North Carolina
85.9%
North Dakota
83.5%
South Carolina
82.4%
Arizona
81.2%
Mississippi
81.2%
Maine
80%
Georgia
78.8%
Wyoming
78.8%
California
77.6%
Delaware
76.5%
West Virginia
70.6%
Alaska
68.2%
New Hampshire
67.1%
Iowa
61.2%
New Jersey
60%
Illinois
57.6%
Vermont
50.6%
Minnesota
48.2%

You're not logged in!

Compare scores with friends on all Sporcle quizzes.
Join for Free
OR
Log In

You Might Also Like...

Show Comments

Extras

Top Quizzes Today


Score Distribution

Your Account Isn't Verified!

In order to create a playlist on Sporcle, you need to verify the email address you used during registration. Go to your Sporcle Settings to finish the process.

Report this User

Report this user for behavior that violates our Community Guidelines.

Details: